Key concepts in public health (Record no. 225871)

MARC details
000 -LEADER
fixed length control field 00671nam a2200217Ia 4500
008 - FIXED-LENGTH DATA ELEMENTS--GENERAL INFORMATION
fixed length control field 191130s2009##################000#0#eng##
020 ## - INTERNATIONAL STANDARD BOOK NUMBER
ISBN 9781412948807
082 ## - DEWEY DECIMAL CLASSIFICATION NUMBER
Classification number 362.1 WIL
245 ## - TITLE STATEMENT
Title Key concepts in public health
Statement of responsibility, etc [edited by] Frances Wilson and Mzwandile Mabhala
260 ## - PUBLICATION, DISTRIBUTION, ETC. (IMPRINT)
Place of publication Thousand Oaks, CA
Name of publisher Sage
Year of publication 2009
300 ## - PHYSICAL DESCRIPTION
Number of Pages xiii, 312 p. : ill. ; 22 cm
500 ## - GENERAL NOTE
General note Includes bibliographical references (p. 277-304) and index
650 ## - SUBJECT ADDED ENTRY--TOPICAL TERM
Topical Term Public health
700 ## - ADDED ENTRY--PERSONAL NAME
Personal name Mabhala, Mzwandile
Personal name Wilson, Frances
991 ## -
-- 357028
Holdings
Withdrawn status Lost status Damaged status Not for loan Home library Current library Date acquired Full call number Accession Number Price effective from Koha item type
        Anna Centenary Library Anna Centenary Library 13.10.2020 362.1 WIL 164013 13.10.2020 English Books

Find us on the map